| 000 | 00435nam a2200169 a 4500 | ||
|---|---|---|---|
| 001 | 000038822 | ||
| 003 | DO-SdBNP | ||
| 005 | 20240925174337.0 | ||
| 008 | 130425s1976 dr 000 0 spa d | ||
| 040 |
_aDO-SdBNP _bspa _cBNPHU |
||
| 082 | 4 | _b22 | |
| 100 | 1 |
_aGrullón, Ruddy _911028 |
|
| 245 | 1 | 0 |
_aDuarte patriota / _cRuddy Grullón. |
| 260 |
_a[Santo Domingo] : _bBNPHU, _c[1976]. |
||
| 300 |
_a17 p. ; _c21 cm. |
||
| 942 |
_2ddc _cLBS1 |
||
| 999 |
_c38312 _d38312 |
||